Метод разграничения доступа к информационным ресурсам на основе графического пароля с использованием систем цифровых водяных знаков: автореферат диссертации на соискание ученой степени кандидата технических наук; спец. 05.13.19

Detaylı Bibliyografya
Yazar: Шокарев А. В. Алексей Владимирович
Kurumsal yazarlar: Томский политехнический университет (ТПУ) Юргинский технологический институт (ЮТИ), Томский государственный университет систем управления и радиоэлектроники (ТУСУР)
Diğer Yazarlar: Шелупанов А. А. Александр Александрович (научный руководитель)
Özet:Защита сост. 24.05.2007 г.
Dil:Rusça
Baskı/Yayın Bilgisi: Томск, [Б. и.], 2007
Konular:
Materyal Türü: MixedMaterials Kitap
KOHA link:https://koha.lib.tpu.ru/cgi-bin/koha/opac-detail.pl?biblionumber=118537

MARC

LEADER 00000nam0a2200000 4500
001 118537
005 20231101215458.0
035 |a (RuTPU)RU\TPU\book\128263 
090 |a 118537 
100 |a 20070613d2007 k y0rusy50 ca 
101 0 |a rus 
102 |a RU 
105 |a a dm 001zy 
200 1 |a Метод разграничения доступа к информационным ресурсам на основе графического пароля с использованием систем цифровых водяных знаков  |e автореферат диссертации на соискание ученой степени кандидата технических наук  |e спец. 05.13.19  |f А. В. Шокарев  |g Томский политехнический университет (ТПУ), Юргинский технологический институт (ЮТИ) ; Томский государственный университет систем управления и радиоэлектроники (ТУСУР) ; науч. рук. А. А. Шелупанов 
210 |a Томск  |c [Б. и.]  |d 2007 
215 |a 20 с.  |c ил. 
300 |a Защита сост. 24.05.2007 г. 
320 |a Библиогр.: с. 19-20 (7 назв.). 
610 1 |a информационная безопасность 
610 1 |a аутентификация 
610 1 |a идентификация 
610 1 |a методы 
610 1 |a стенографические методы 
610 1 |a атаки 
610 1 |a отражение 
610 1 |a графические пароли 
610 1 |a авторефераты диссертаций 
675 |a 681.3.067(04)  |v 3 
686 |a 05.13.19  |2 oksvnk 
700 1 |a Шокарев  |b А. В.  |c специалист в области информатики и вычислительной техники  |c доцент Юргинского технологического института (филиала) Томского политехнического университета, кандидат технических наук  |f 1978-  |g Алексей Владимирович  |2 stltpush  |3 (RuTPU)RU\TPU\pers\24267  |9 10737 
702 1 |a Шелупанов  |b А. А.  |g Александр Александрович  |4 727 
712 0 2 |a Томский политехнический университет (ТПУ)  |b Юргинский технологический институт (ЮТИ)  |c (2003-2009)  |2 stltpush  |3 (RuTPU)RU\TPU\col\12451 
712 0 2 |a Томский государственный университет систем управления и радиоэлектроники (ТУСУР)  |c (1997 - )  |2 stltpush  |3 (RuTPU)RU\TPU\col\422 
801 1 |a RU  |b 63413507  |c 20070613  |g PSBO 
801 2 |a RU  |b 63413507  |c 20151207  |g PSBO 
942 |c BK